Purple Lace Bra - Tate McRae - Statistics

General Stats
  • This quiz has been taken 243 times
  • The average score is 333 of 389
Answer Stats
% Correct
I
99%
my
97%
you
96%
You
96%
purple
95%
bra
94%
lace
94%
your
94%
in
92%
me
92%
me,
92%
me?
92%
all
91%
hear
91%
Hear
91%
hear?)
91%
(Hear
91%
attention?
90%
if
90%
If
90%
been
89%
the
89%
The
89%
Would
89%
(Would
89%
ear?
88%
like,
88%
like
88%
on
88%
right
88%
when
88%
Did
87%
here?
87%
do,
86%
I'm
86%
screamin'
86%
touch
86%
whispered
86%
"Ah,
85%
ah"
85%
(Ah)
85%
ah"?
85%
ah
85%
it
85%
inner
84%
listen
84%
look,
84%
look
84%
sound
84%
and
83%
made
83%
Made
83%
more
83%
more?
83%
thoughts
83%
Yeah,
83%
Yeah
83%
(Yeah,
83%
night
82%
of
82%
but
81%
cryin',
81%
don't
81%
got
81%
only
80%
see
80%
that
80%
that,
80%
eye
79%
goin'
79%
head
79%
singin',
79%
undressed
79%
know
78%
losin'
78%
mind,
78%
mind
78%
question
78%
what
78%
bleedin'
77%
'Cause
76%
'cause
76%
rest,
76%
rest
76%
think
76%
oh)
75%
none
74%
time
74%
till
73%
everythin'
72%
you're
72%
dance
71%
giving
71%
throat's
71%
want
71%
lap
69%
dreamin'
68%
take
68%
depth
66%
head's
66%
Now
65%
off
65%
tell
65%
interest?
63%
listenin',
63%
catch
62%
position
60%
Uh
60%
body
58%
could
58%
for
58%
gon'
58%
finish
56%
let
56%
'est
51%
pique
51%
Ooh)
45%
(Ooh)
45%
is
38%
Feel
26%
determined
24%
babe)
12%
hmm
11%
No matching quizzes found
Score Distribution
Percent of People with Each Score
Percentile by Number Answered
Your Score History
You have not taken this quiz